[Event "4th New York Masters"]
[Site "New York"]
[Date "2002.04.09"]
[Round "4"]
[White "Privman, Boris"]
[Black "Fernandez, John C"]
[Result "1-0"]
[WhiteElo "2243"]
[BlackElo "2104"]
[PlyCount "48"]
[EventDate "2002.04.09"]
[SourceDate "2002.01.21"]

1. d4 f5 2. Nc3 d5 3. g3 g6 4. Bg2 c6 5. Nf3 Bg7 6. O-O Nh6 7. Bf4 Nf7 8. Ne5
Nd7 9. Nxf7 Kxf7 10. e3 e5 11. dxe5 Nxe5 12. Rb1 Nc4 13. Qd3 Ne5 14. Bxe5 Bxe5
15. Ne2 Qf6 16. c3 Be6 17. Nd4 Bxd4 18. cxd4 f4 19. Qb3 Rab8 20. gxf4 g5 21.
fxg5 Qxg5 22. f4 Qg6 23. f5 Bxf5 24. Rxf5+ Qxf5 1-0

[Event "4th New York Masters"]
[Site "New York"]
[Date "2002.04.09"]
[Round "4"]
[White "Schmaltz, Roland"]
[Black "Lapshun, Yury"]
[Result "1-0"]
[WhiteElo "2559"]
[BlackElo "2460"]
[PlyCount "77"]
[EventDate "2002.04.09"]
[SourceDate "2002.01.21"]

1. e4 c5 2. Nf3 d6 3. d4 cxd4 4. Nxd4 Nf6 5. Nc3 a6 6. f4 e5 7. Nf3 Qc7 8. Bd3
Nbd7 9. O-O g6 10. Kh1 Bg7 11. Qe1 O-O 12. Qh4 b5 13. a3 Bb7 14. fxe5 dxe5 15.
Bh6 Rac8 16. Ng5 Qd6 17. Rad1 Qe7 18. Be2 Rfe8 19. Bxg7 Kxg7 20. Rxd7 Qxd7 21.
Rxf6 Kxf6 22. Bg4 Qxg4 23. Qxg4 h5 24. Qh4 Kg7 25. Qf2 Re7 26. h4 Rd7 27. Nd5
Bxd5 28. exd5 Rc4 29. c3 f6 30. Ne6+ Kf7 31. Qf3 Rxh4+ 32. Kg1 Rc4 33. b3 Rc8
34. Qd3 f5 35. c4 bxc4 36. bxc4 Kf6 37. c5 Ra8 38. c6 Rd6 39. Qc4 1-0

[Event "4th New York Masters"]
[Site "New York"]
[Date "2002.04.09"]
[Round "4"]
[White "Shahade, Gregory"]
[Black "Novikov, Igor A"]
[Result "0-1"]
[WhiteElo "2515"]
[BlackElo "2685"]
[Annotator "Shahade, G"]
[PlyCount "66"]
[EventDate "2002.04.09"]
[SourceDate "2002.01.21"]

1. e4 {I was extremely confident going into this game. I was coming off a huge
week the previous week, and felt nearly unstoppable. Why is it that whenever I
get such feelings they are usually made to look ridiculous very quickly?} c5 2.
Nf3 d6 3. d4 cxd4 4. Nxd4 Nf6 5. Nc3 a6 {Here we go again....} 6. Be3 e6 7. f3
b5 8. g4 Nfd7 9. Qd2 Nb6 10. O-O-O N8d7 {Ah hah, this move is a nice
improvement. Now if Nb3 I am not threatening Na5 attacking the bishop on b7.
Of course I am stubborn and played Nb3 anyway.} (10... Bb7 {
G. Shahade - Novikov  1-0   3rd NY Masters}) 11. Nb3 {I honestly didn't know
what sense this move made, but I knew that Ponomariov played it once and won,
and he's pretty good at chess} Qc7 {Ponomariovs opponent didnt play this move.
Actually his opponent played not so well at all and thus the result of the
game shouldnt have really be linked to the opening. I think that in these
positions black is OK} 12. Qf2 Be7 13. Kb1 {Does anyone see a constructive
plan for white? If you do please email me so I can use it against Novikov next
time, thanks! Honestly I have no idea what white is supposed to do here....
black has no weaknesses, white has no ideas...black is having all the fun in
my opinion.} Na4 $1 {The same move that Igor played last week, with the
difference that its actually a good move this time.} 14. Nxa4 bxa4 15. Nd2 {
My knight is going to come to c4....maybe things arent so bad for me...} d5 $1
{Very nice prophylactic move. To me this move looked ridiculous. First off he
is opening the center without having castled. Second he is going to give
himself an isolated pawn. All of these factors are rendered irrelevant by the
inactivity and clumsiness of my pieces, especially my knight on d2. Where is
it going to go next??} 16. exd5 exd5 17. f4 {I can't stand to play a game
without a piece, so I was desperate to put my knight on f3.} O-O 18. Nf3 Rb8
19. f5 $2 Ba3 $2 {Novikov misses a winning shot. Part of me breathed a sigh of
relief, but part of me realized that this would only prolong the suffering, as
a position like this is sure death against a player like Novikov. One good
thing about action chess is I dont have to suffer for hours in a lost position.
} (19... Rxb2+ $3 $19 {A thematic sacrafice that I saw as soon as I moved.
Black wins in all variations.} 20. Kxb2 Ba3+ $1 21. Kxa3 (21. Kb1 Qb8+ 22. Bb6
Nxb6 $17 {Novikov told me after the game that he thought I could play Rd3-b3
here to defend. He forgot that his pawn on a4 is guarding the b3 square.} 23.
Ka1 Nc4 {Fritz calls mate in 3})) 20. b3 axb3 $2 (20... Nf6 21. h3 Ne4 $19) 21.
cxb3 Nf6 22. h3 Ne4 23. Qc2 $1 {This is why ab3 was a big mistake. This move
would not have been available if black had just played Nf6 straightaway. At
this point I was beginning to feel that I might not lose for sure. I still
suspected I would lose, but wasnt totally positive as I saw no immediate win
for black.} Qb7 (23... Nc3+ 24. Ka1 {pin}) 24. Ne5 Bxf5 $1 {A shocking
e. No reason to think...I need to just take the piece and pray.} 25. gxf5 Rfc8
{Well that extra piece didn't last me very long.... if I move my queen bad
things happen.} 26. Nc4 (26. Qd3 Nc3+ 27. Ka1 Nxd1 28. Qxd1 d4 $19 {
attacking e3 and h1.}) 26... dxc4 27. Bxc4 Nd6 28. Bd5 $1 {Somehow after this
move I was pretty confident I would draw. I was watching Novikov make so many
mistakes...missing a forced win....allowing me to trade queens, that I figured
it was my destiny to hold this game. Unfortunately I got lazy at the wrong
time} Rxc2 29. Bxb7 Rb2+ 30. Ka1 Re2 31. Bf4 $4 {Unfortunately I only saw Bb2
Kb1 Nb5....I forgot to consider Nb5 immediately. You know when you have those
moments where a part of you feels like the next move you are about to make
could be the difference between a draw or a loss.....yet you can't really see
why so you just play the move you planned on making, and then you end up
kicking yourself afterwards for not taking more time and trusting your
instinct that this was a key position. This was one of those moments for me.} (
31. Bc1 {After this move it is very difficult for black to prove an advantage.}
Bxc1 32. Bxa6 $1 (32. Rxd6 Bb2+ 33. Kb1 Be5 34. Rd7 Rb2+ 35. Kc1 Rxa2 36. Rhd1
{Despite the extra pawn, white has very good chances to draw}) 32... Bb2+ 33.
Kb1 Rf2 34. Rxd6 Be5 35. Rd7 Rb2+ 36. Kc1 Rxa2 37. Rhd1 $11) 31... Nb5 $19 {
Now because of the mate threats, black is simply winning.} (31... Bb2+ $2 32.
Kb1 Nb5 33. Rd2) 32. Bc1 (32. Bxa6 Bb2+ 33. Kb1 Nc3#) 32... Be7 $1 33. Bb2 (33.
Bxa6 Bf6+ 34. Kb1 Nc3+ 35. Ka1 Rxa2#) 33... Rxb7 {Well this game brought me
back to Earth real quick. It looks like its back to the drawing board as to
what to play against Novikovs Najdorf. The next chance would not occur for a
few weeks as I got black the next few games...} 0-1

[Event "5th New York Masters"]
[Site "New York"]
[Date "2002.04.16"]
[Round "1"]
[White "Shahade, Gregory"]
[Black "Privman, Boris"]
[Result "1-0"]
[WhiteElo "2515"]
[BlackElo "2270"]
[PlyCount "59"]
[EventDate "2002.04.16"]
[SourceDate "2002.01.21"]

1. e4 d6 2. d4 e5 3. Nf3 Nc6 4. Bb5 exd4 5. Nxd4 Bd7 6. O-O Be7 7. Nc3 Nxd4 8.
Bxd7+ Qxd7 9. Qxd4 Nf6 10. b3 O-O 11. Bb2 Qc6 12. Nd5 Bd8 13. Rad1 Qxc2 14. Rc1
Qe2 15. Rxc7 Qa6 16. Re7 Nh5 17. g4 Qe2 18. f3 Nf6 19. Rf2 Qe1+ 20. Kg2 Bb6 21.
Nxb6 axb6 22. a3 Qa5 23. Rxb7 h5 24. h3 hxg4 25. hxg4 Qc5 26. Rxb6 Qxd4 27.
Bxd4 Rxa3 28. Rxd6 Rxb3 29. Bxf6 gxf6 30. Rxf6 1-0

[Event "5th New York Masters"]
[Site "New York"]
[Date "2002.04.16"]
[Round "4"]
[White "Eisen, Lewis"]
[Black "Shahade, Gregory"]
[Result "0-1"]
[WhiteElo "2305"]
[BlackElo "2515"]
[PlyCount "43"]
[EventDate "2002.04.16"]
[SourceDate "2002.01.21"]

1. e4 c5 2. Nf3 d6 3. d4 cxd4 4. Nxd4 Nf6 5. Nc3 a6 6. f4 e5 7. Nf3 Nbd7 8. a4
Be7 9. Bd3 O-O 10. O-O exf4 11. Bxf4 Ne5 12. Kh1 Qc7 13. Qe1 Be6 14. h3 Rac8
15. Bg5 Rfe8 16. Nd4 Qb6 17. Nf5 Bxf5 18. Rxf5 Qxb2 19. Bxf6 Bxf6 20. Rxf6 gxf6
21. Nd5 Nxd3 22. cxd3 {and Black eventually won} 0-1

[Event "6th New York Masters"]
[Site "New York"]
[Date "2002.04.23"]
[Round "1"]
[White "Pader, Douglas"]
[Black "Shahade, Gregory"]
[Result "0-1"]
[WhiteElo "2210"]
[BlackElo "2550"]
[PlyCount "66"]
[EventDate "2002.04.23"]
[SourceDate "2002.01.21"]

1. d4 Nf6 2. c4 g6 3. Nc3 d5 4. Bg5 Ne4 5. Bf4 Nxc3 6. bxc3 Bg7 7. cxd5 Qxd5 8.
Nf3 O-O 9. e3 c5 10. Be2 Nc6 11. O-O cxd4 12. cxd4 Qa5 13. Qb3 e5 14. dxe5 Nxe5
15. Nd4 Nc6 16. Nxc6 bxc6 17. Rac1 Be6 18. Bc4 Bd5 19. Bxd5 cxd5 20. Rfd1 Rac8
21. Rxc8 Rxc8 22. h3 Rd8 23. Bg5 Rd7 24. Qb8+ Bf8 25. Rc1 h6 26. Bxh6 Rd8 27.
Rc8 Qe1+ 28. Kh2 Bd6+ 29. Qxd6 Rxc8 30. Qe5 Qc3 31. Qxd5 Qc4 32. Qf3 Kh7 33.
Bg5 Qxa2 {and Black eventually won} 0-1

[Event "6th New York Masters"]
[Site "New York"]
[Date "2002.04.23"]
[Round "2"]
[White "Shahade, Gregory"]
[Black "Kacheishvili, Giorgi"]
[Result "0-1"]
[WhiteElo "2550"]
[BlackElo "2650"]
[PlyCount "36"]
[EventDate "2002.04.23"]
[SourceDate "2002.01.21"]

1. e4 c5 2. Nf3 d6 3. d4 cxd4 4. Nxd4 Nf6 5. Nc3 Nc6 6. Bg5 g6 7. Bxf6 exf6 8.
Qd2 Bg7 9. Ndb5 O-O 10. Qxd6 Qa5 11. Bd3 a6 12. Nc7 Rd8 13. Qg3 f5 14. Nxa8
Bxc3+ 15. Kf1 Bxb2 16. Re1 Bc3 17. Rc1 f4 18. Qh4 Be6 0-1

[Event "7th New York Masters"]
[Site "New York"]
[Date "2002.04.30"]
[Round "2"]
[White "Pader, Douglas"]
[Black "Milman, Lev"]
[Result "0-1"]
[WhiteElo "2217"]
[BlackElo "2283"]
[PlyCount "48"]
[EventDate "2002.04.30"]
[SourceDate "2002.01.21"]

1. e4 c5 2. Nf3 g6 3. d4 cxd4 4. Nxd4 Nc6 5. Nc3 Bg7 6. Be3 Nf6 7. Bc4 O-O 8.
Bb3 d6 9. f3 Bd7 10. Qd2 Rc8 11. O-O-O Nxd4 12. Bxd4 b5 13. h4 a5 14. a4 bxa4
15. Nxa4 Bxa4 16. Bxa4 Rc4 17. Bb3 Nxe4 18. Qe3 Rxd4 19. Rxd4 Ng3 20. Rdd1 a4
21. Bxa4 Qa5 22. Qa3 Ra8 23. Bb3 Ne2+ 24. Kb1 Nc3+ 0-1

[Event "7th New York Masters"]
[Site "New York"]
[Date "2002.05.01"]
[Round "3"]
[White "Shahade, Gregory"]
[Black "Stripunsky, Alexander"]
[Result "1-0"]
[WhiteElo "2550"]
[BlackElo "2640"]
[PlyCount "79"]
[EventDate "2002.04.30"]
[SourceDate "2002.01.21"]

1. e4 c5 2. Nf3 e6 3. d4 cxd4 4. Nxd4 a6 5. Nc3 Qc7 6. Be2 Nf6 7. O-O Nc6 8.
Be3 b5 9. Nxc6 dxc6 10. f4 b4 11. Na4 Rb8 12. Bf3 c5 13. e5 Nd7 14. b3 Be7 15.
Nb2 Nb6 16. Qe2 O-O 17. Rfd1 Bd7 18. Qxa6 Nd5 19. Qd3 Bb5 20. Nc4 Rfd8 21. Qe2
Rd7 22. Qf2 Rbd8 23. Bxd5 exd5 24. Nd6 Bxd6 25. exd6 Rxd6 26. Bxc5 Rc6 27. Bxb4
Rxc2 28. Rd2 Rc1+ 29. Rd1 Rxa1 30. Rxa1 d4 31. Rd1 d3 32. h3 h6 33. Rd2 Qd7 34.
Bc3 Bc6 35. Qg3 g6 36. Qh4 Kh7 37. Qf6 Rg8 38. Rxd3 Qa7+ 39. Kh2 Be4 40. Rd8
1-0

[Event "8th New York Masters"]
[Site "New York"]
[Date "2002.05.07"]
[Round "1"]
[White "Milman, Lev"]
[Black "Shahade, Gregory"]
[Result "1-0"]
[WhiteElo "2290"]
[BlackElo "2555"]
[Annotator "Shahade, G"]
[PlyCount "68"]
[EventDate "2002.05.07"]
[SourceDate "2002.01.21"]

1. e4 c5 2. d4 cxd4 3. c3 dxc3 4. Nxc3 Nc6 5. Nf3 e6 6. Bc4 Qc7 7. Qe2 Nge7 8.
O-O Ng6 9. Be3 Be7 10. Rfd1 a6 11. Bb3 O-O 12. Rac1 Qa5 13. Na4 d6 14. Nb6 Rb8
15. Nc4 Qb5 16. Qc2 Rd8 17. Bb6 Rd7 18. Nd4 Qg5 19. Ba4 Nh4 20. f4 Qxf4 21.
Nxc6 bxc6 22. Bxc6 Rdb7 23. Be3 Qg4 24. b3 Rc7 25. Ba4 Bb7 26. Qf2 Bxe4 27. Qg3
Qxg3 28. hxg3 Nf5 29. Bb6 Rcb7 30. Bf2 Rc8 31. g4 Nh6 32. Nxd6 Rxc1 33. Rxc1
Rb8 (33... Bxd6 $1 34. Rc8+ Bf8 35. Bc5 Kh8 $1 $11) 34. Nxe4 Nxg4 {After numero
us blunders, black was even winning later on, but ended up losing. White won
with B+N vs king} 1-0

[Event "8th New York Masters"]
[Site "New York"]
[Date "2002.05.07"]
[Round "1"]
[White "Yudasin, Leonid"]
[Black "Eisen, Lewis"]
[Result "0-1"]
[WhiteElo "2672"]
[BlackElo "2307"]
[Annotator "Eisen, L"]
[PlyCount "88"]
[EventDate "2002.05.07"]
[SourceDate "2002.01.21"]

1. e4 d5 {Playing a grandmaster as black can be an unpleasant exerience. 
Usually there is a long period of suffering to go through.  And sometimes it
doesn't end until the game is over.  If then.} 2. exd5 Qxd5 3. Nc3 Qa5 4. g3 {
White does not try for a big advantage with this move, rather he plans to
develop his pieces, castle safely and advance on the queenside.  Black has
many possible piece placements.} c6 5. Bg2 Nf6 6. Nge2 g6 7. O-O Bg7 8. Re1 O-O
9. d3 Nbd7 10. a3 {I think Rb1 immediately is better as white may be able to
save a tempo and go a4 in one move.  However, action games often come down to
the ability to play reasonable moves quickly.} a6 {Preventing a quick b4-b5}
11. Rb1 Re8 12. b4 Qc7 13. Bd2 h5 $1 {With white advancing on the queenside
black has to look for counterplay in the kingside or center.  I always look at
the kingside first.} 14. h3 e5 15. a4 Nb6 $6 {At the time I felt this was
either brilliant or stupid.  I'm still sure of that.  Black entices white to
go for a5 instead of b5, but the cost of two tempi may be too great.  Probably
better is Nf8 immediately.} 16. a5 Nbd7 17. Na4 Nf8 18. Nb6 Rb8 19. Nc3 (19.
Nxc8 Rbxc8 20. Nc3 Ne6 21. Ne4 Nxe4 22. Rxe4 {
And white may try to exploit the two bishops.}) 19... Be6 20. Nca4 N6d7 21. Be3
Nxb6 22. Bxb6 Qc8 $5 23. Kh2 {White can win the exchange here though Yudasin
did not think it would lead to an advantage.} (23. Ba7 Bxh3 24. Bxb8 Bxg2 25.
Kxg2 Qxb8 26. Nc5 f5) 23... Nd7 24. Be3 {
At this point it may be better for white to trade his a4 knight.} (24. Ba7 Ra8
25. Nb6 Nxb6 26. Bxb6) 24... Bd5 25. Bf1 $5 {A grandmaster's move, white
intends to get the tempo back with c4.  But when my opponent goes backward, I
go forward.} h4 26. c4 hxg3+ 27. fxg3 Be6 28. Ba7 Ra8 29. Bf2 Kh7 $1 30. Nc3 f5
31. Qd2 Rh8 32. Rbc1 (32. d4) 32... Kg8 33. d4 (33. Nd5 Kf7) 33... f4 $1 34.
gxf4 Nf6 35. Qd3 (35. h4 Ng4+ 36. Kg1 Nxf2 37. Qxf2 exd4 38. Nd5 Bxd5 39. cxd5
Qg4+ 40. Qg2 Rxh4 41. dxc6 d3 $1) (35. dxe5 Bxh3 36. exf6 Bxf1+ 37. Kg1 Rh1+
38. Kxh1 Qh3+ 39. Kg1 Qg2#) (35. Kg1 Bxh3 36. Be2 Bg2 37. Bg3 Qh3) 35... Bf5
36. Qf3 Bg4 {Ng4 immediately is good, though white has no better move than qd3
here.  Then I can go back with bf5 and play ng4 on my next opportunity.} 37.
Qg3 exf4 {Now white has no good options.} 38. Qxf4 Bxh3 39. Kg1 Bxf1 40. Kxf1
Qh3+ 41. Ke2 Rf8 42. Qg3 Qh5+ $6 (42... Ng4 $1) 43. Kd2 Ng4 44. Bg1 Bh6+ {
Winning the exchange, which i was eventually able to convert in the time
scramble.} 0-1

[Event "8th New York Masters"]
[Site "New York"]
[Date "2002.05.07"]
[Round "2"]
[White "Shahade, Gregory"]
[Black "Furdzik, Rafal"]
[Result "1-0"]
[WhiteElo "2555"]
[BlackElo "2220"]
[Annotator "Shahade, G"]
[PlyCount "41"]
[EventDate "2002.05.07"]
[SourceDate "2002.01.21"]

1. e4 c6 2. d4 d5 3. exd5 cxd5 4. c4 Nf6 5. Nc3 e6 6. Nf3 Bb4 7. cxd5 Nxd5 8.
Qc2 Qc7 9. Bd2 Nd7 10. Bd3 Bxc3 11. bxc3 N5f6 12. O-O b6 13. Rfe1 Bb7 14. Ne5
Nxe5 15. Rxe5 Rc8 16. c4 Qd6 17. Qb2 $1 Rd8 18. d5 Qc7 19. Bb4 Nd7 20. Rxe6+
fxe6 21. Qxg7 1-0

[Event "8th New York Masters"]
[Site "New York"]
[Date "2002.05.07"]
[Round "3"]
[White "Bonin, Jay R"]
[Black "Shahade, Gregory"]
[Result "1-0"]
[WhiteElo "2390"]
[BlackElo "2555"]
[PlyCount "31"]
[EventDate "2002.05.07"]
[SourceDate "2002.01.21"]

1. d4 Nf6 2. c4 g6 3. Nc3 d5 4. cxd5 Nxd5 5. e4 Nxc3 6. bxc3 Bg7 7. Bb5+ c6 8.
Ba4 O-O 9. Ne2 Nd7 10. e5 c5 11. h4 cxd4 12. cxd4 f6 13. Bb3+ Kh8 14. h5 gxh5
15. Nf4 fxe5 16. Qxh5 1-0

[Event "8th New York Masters"]
[Site "New York"]
[Date "2002.05.07"]
[Round "4"]
[White "Robinson, Adam"]
[Black "Shahade, Gregory"]
[Result "0-1"]
[WhiteElo "2200"]
[BlackElo "2555"]
[Annotator "Shahade, G"]
[PlyCount "48"]
[EventDate "2002.05.07"]
[SourceDate "2002.01.21"]

1. g3 c5 2. Bg2 Nc6 3. c4 g6 4. Nc3 Bg7 5. e3 d6 6. Nge2 Nf6 7. O-O O-O 8. d4
Bd7 9. b3 Qc8 10. Bb2 Bh3 11. Nf4 Bxg2 12. Kxg2 Re8 13. d5 Ne5 14. h3 a6 15.
Qc2 b5 16. cxb5 axb5 17. Nxb5 Qb7 18. Nc3 g5 19. e4 $4 gxf4 20. gxf4 Ng6 21.
Kf3 Nh5 22. Rad1 Nhxf4 23. Rg1 Qd7 24. Rg3 Nh5 0-1

[Event "9th New York Masters"]
[Site "New York"]
[Date "2002.05.14"]
[Round "1"]
[White "Shahade, Gregory"]
[Black "Milman, Lev"]
[Result "1-0"]
[WhiteElo "2535"]
[BlackElo "2275"]
[PlyCount "59"]
[EventDate "2002.05.14"]
[SourceDate "2002.01.21"]

1. c4 c5 2. Nf3 Nc6 3. Nc3 Nf6 4. g3 g6 5. Bg2 Bg7 6. d4 d6 7. O-O O-O 8. dxc5
dxc5 9. Be3 Qa5 10. Qb3 Ng4 11. Bd2 Nd4 12. Nxd4 cxd4 13. Ne4 Qc7 14. Rac1 Rb8
15. c5 Rd8 16. Qa3 Re8 17. Qxa7 Be6 18. c6 Bd5 19. cxb7 Qxb7 20. Qxb7 Bxb7 21.
b3 Ra8 22. Rc2 Ra7 23. Rfc1 f5 24. Nc5 Bxg2 25. Kxg2 Kf7 26. a4 Be5 27. Rc4 Nf6
28. Nd3 Bd6 29. Rxd4 Rb8 30. Bb4 {And white soon won} 1-0

[Event "9th New York Masters"]
[Site "New York"]
[Date "2002.05.14"]
[Round "2"]
[White "Pader, Douglas"]
[Black "Shahade, Gregory"]
[Result "0-1"]
[WhiteElo "2210"]
[BlackElo "2535"]
[PlyCount "84"]
[EventDate "2002.05.14"]
[SourceDate "2002.01.21"]

1. e4 c5 2. Nc3 Nc6 3. g3 g6 4. Bg2 Bg7 5. d3 d6 6. Be3 e6 7. Qd2 Qa5 8. Nge2
Nd4 9. Nc1 Ne7 10. O-O O-O 11. Nb3 Qc7 12. Nd1 b6 13. Nc1 Bb7 14. c3 Ndc6 15.
Bh6 f5 16. Bxg7 Kxg7 17. Ne3 Rae8 18. Ne2 Qd7 19. d4 fxe4 20. dxc5 bxc5 21.
Rad1 Nc8 22. Qc2 Ne5 23. Bxe4 Nf3+ 24. Kh1 Ng5 25. Bg2 Bxg2+ 26. Nxg2 Nf3 27.
Qe4 d5 28. Ngf4 Ng5 29. Qe5+ Kh6 30. Qe3 Kg7 31. Nh5+ gxh5 32. Qxg5+ Kh8 33.
Nf4 Rf5 34. Qh4 Qf7 35. Kg1 Nd6 36. Rfe1 Ne4 37. Re2 Rg8 38. Kf1 Re8 39. f3 Nf6
40. Kg2 e5 41. Qh3 exf4 42. Rxe8+ Nxe8 0-1

[Event "9th New York Masters"]
[Site "New York"]
[Date "2002.05.14"]
[Round "3"]
[White "Shahade, Gregory"]
[Black "Stripunsky, Alexander"]
[Result "0-1"]
[WhiteElo "2630"]
[BlackElo "2535"]
[Annotator "Shahade, G"]
[PlyCount "74"]
[EventDate "2002.05.14"]
[SourceDate "2002.01.21"]

1. e4 c5 2. Nf3 e6 3. d4 cxd4 4. Nxd4 a6 5. Nc3 Qc7 6. Be2 Nf6 7. O-O Nc6 8.
Be3 b5 9. Nxc6 dxc6 10. f4 b4 11. Na4 Rb8 12. Bf3 c5 13. b3 Bb7 14. e5 Nd5 15.
Bd2 c4 16. Bxd5 Bxd5 17. Be3 Be7 18. Nb2 O-O 19. Qe2 Rfc8 20. Rad1 g6 21. Bd4
cxb3 22. cxb3 Bc5 23. Qf2 a5 24. Nd3 Bxd4 25. Qxd4 Qc2 26. Qf2 Qxf2+ 27. Rxf2
Rc3 28. Rfd2 Rbc8 29. Kf2 Be4 30. Nb2 Bd5 31. Nd3 Kg7 32. g3 h6 33. Ne1 a4 34.
Nd3 axb3 35. Nxb4 bxa2 36. Nxa2 Rf3+ 37. Ke1 $4 (37. Kg1) 37... Bc4 0-1

[Event "9th New York Masters"]
[Site "New York"]
[Date "2002.05.14"]
[Round "4"]
[White "Bonin, Jay R"]
[Black "Shahade, Gregory"]
[Result "1/2-1/2"]
[WhiteElo "2380"]
[BlackElo "2535"]
[Annotator "Shahade, G"]
[PlyCount "68"]
[EventDate "2002.05.14"]
[SourceDate "2002.01.21"]

1. Nf3 c5 2. c4 Nc6 3. Nc3 Nd4 4. e3 Nxf3+ 5. Qxf3 g6 6. b3 Bg7 7. Bb2 d6 8. g3
Nh6 9. h4 Rb8 10. Bh3 Bxh3 11. Rxh3 Qd7 12. Rh1 Ng4 13. h5 Ne5 14. Qe2 Qf5 15.
Kf1 Nc6 16. Kg2 O-O 17. d3 Rfe8 18. hxg6 hxg6 19. Rh3 f6 20. Nd5 Kf7 21. g4 Qd7
22. g5 Rh8 23. Rah1 Rxh3 24. Rxh3 fxg5 25. Bxg7 Kxg7 26. Qb2+ Ne5 (26... e5 27.
Rh7+) 27. f4 gxf4 28. exf4 Qg4+ 29. Rg3 Qh5 30. fxe5 Rh8 31. e6+ Kf8 32. Rf3+
$4 (32. Qf2+ Ke8 33. Qf7+ Kd8 34. Qxe7+ Kc8 35. Qc7#) 32... Ke8 33. Qxh8+ Qxh8
34. Rf7 Qh4 {After a long, crazy time scramble..the game ended in a draw.}
1/2-1/2

[Event "10th New York Masters"]
[Site "New York"]
[Date "2002.05.21"]
[Round "1"]
[White "Young, Ronald"]
[Black "Shahade, Gregory"]
[Result "0-1"]
[WhiteElo "2276"]
[BlackElo "2531"]
[PlyCount "65"]
[EventDate "2002.05.21"]
[SourceDate "2002.01.21"]

1. e4 c5 2. Nf3 d6 3. d4 cxd4 4. Nxd4 Nf6 5. Nc3 g6 6. Be3 Bg7 7. f3 O-O 8. Qd2
Nc6 9. O-O-O d5 10. Kb1 Rb8 11. Qf2 e5 12. Nxc6 bxc6 13. Bxa7 Rb7 14. Ba6 Rxa7
15. Qxa7 Qa5 16. exd5 cxd5 17. Rhe1 Bxa6 18. Rxe5 Rc8 19. Nxd5 Rd8 20. Qxa6
Qxa6 21. Ne7+ Kh8 22. Rxd8+ Bf8 23. a3 Qf1+ 24. Ka2 Qc4+ 25. Kb1 Qc7 26. Rxf8+
Kg7 27. Nxg6 hxg6 28. Rfe8 Nxe8 29. Rxe8 Qxh2 30. Re2 Qg1+ 31. Ka2 Qd1 32. Re4
Qxc2 33. g4 {and black won shortly} 0-1

[Event "10th New York Masters"]
[Site "New York"]
[Date "2002.05.21"]
[Round "2"]
[White "Shahade, Gregory"]
[Black "Wojtkiewicz, Aleksander"]
[Result "0-1"]
[WhiteElo "2531"]
[BlackElo "2670"]
[PlyCount "52"]
[EventDate "2002.05.21"]
[SourceDate "2002.01.21"]

1. e4 c5 2. Nf3 Nc6 3. d4 cxd4 4. Nxd4 g6 5. Nc3 Bg7 6. Be3 Nf6 7. Bc4 O-O 8.
Bb3 a5 9. a4 d6 10. f3 Nxd4 11. Bxd4 Bd7 12. Qd2 Bc6 13. O-O-O Nd7 14. Bxg7
Kxg7 15. Bc4 Qb6 16. h4 f6 17. h5 g5 18. Nd5 Bxd5 19. Qxd5 Rac8 20. Qe6 Qd8 21.
Bb5 Ne5 22. Rhf1 Rc7 23. g3 Qc8 24. Qb3 Qh3 25. Rg1 Qxh5 26. f4 Qf3 {
and black won} 0-1